000 01290cab a2200265 4500
001 E87302
008 090401t1997 xxu||||| |||| 00| 0 eng d
035 _a(Sirsi) u81706
041 _aeng
245 _aMargaret Parker v Secretary of State for Scotland
260 _c1997
350 _a0
490 _aScottish Civil Law Reports
_v1997 SCLR 829-834(6)
520 _aCourt of Session. Inner House (Second Division). 8 April 1997. Town and country planning - advertisements - control - deemed consent - subsequent application for express consent - effect of non-use - whether deemed consent had lapsed - Town and Country Planning (Scotland) Act 1972 (c.52), s.233(4)(c) - Town and Country Planning (Control of Advertisements)(Scotland) Regulations 1948(SI 1948:1779), reg. 7 - Town and Country Planning (Control of Advertisements)(Scotland) Regulations 1984 (SI 1984:467), regs. 2, 10(2), 13, 15(1), 19, 24(1), 25(1).
650 _aADVERTISEMENTS
650 _aHOARDINGS
650 _aSCOTLAND
650 _aSI 1948: 1779
650 _aSI 1984:467
650 _aTOWN AND COUNTRY PLANNING (CONTROL OF ADVERTISEMENTS)(SCOTLAND) REGULA
650 _aTOWN AND COUNTRY PLANNING (SCOTLAND) ACT 1972
690 _aPLANNING LAW AND PRACTICE
942 _n0
948 _c28/10/1997
999 _c51508
_d51508